000 00307nam a2200133Ia 4500
005 20260326235454.0
008 260326s9999||||xx |||||||||||||| ||und||
100 _aHwang, Irene
245 0 _aVerb Natures /
_cIrene Hwang
260 _bACTAR
300 _a244 p.
650 _aARQUITECTURA CIVIL
942 _cBK
999 _c7865
_d7865